00362pab a2200133 454500008004000000100001900040245007500059260000900134300001400143362000800157650001800165700001800183773002700201180718b2004 xxu||||| |||| 00| 0 eng d aStorm, Servaas aMarket-led globalization and world democracy: can the twain ever meet? c2004 ap.567-81. aJun aGlobalization aRao, J. Mohan aDevelopment and Change